|
|
|
|
| LEADER |
01465nam a2200277 a 4500 |
| 001 |
0017456 |
| 003 |
BD-DhAAL |
| 008 |
091026s2004 enk b 001 0 eng d |
| 020 |
|
|
|a 0195674774
|
| 020 |
|
|
|a 9780195674774
|
| 040 |
|
|
|a DLC
|c DLC
|d DLC
|d BD-DhAAL
|
| 082 |
0 |
0 |
|a 342.4206
|2 22
|
| 100 |
1 |
|
|a Wade, William,
|c Sir,
|d 1918-
|9 58513
|
| 245 |
1 |
0 |
|a Administrative law /
|c H.W.R. Wade.
|
| 250 |
|
|
|a Ninth edition.
|
| 260 |
|
|
|a Oxford ;
|a New York :
|b Oxford University Press,
|c 2004.
|
| 300 |
|
|
|a xciii, 1035 p. ;
|c 24 cm
|
| 504 |
|
|
|a Includes bibliographical references and index.
|
| 526 |
|
|
|a SOL
|x Saira Rahman Khan
Assistant Professor
School of Law
BRAC University
|
| 541 |
1 |
|
|e 0017456
|a D. S. Books International
|
| 650 |
|
0 |
|a Administrative law
|z Great Britain.
|9 55472
|
| 852 |
4 |
|
|a Ayesha Abed Library
|c General Stacks
|
| 942 |
|
|
|2 ddc
|c BK
|
| 999 |
|
|
|c 4847
|d 4847
|
| 952 |
|
|
|0 0
|1 0
|2 ddc
|4 0
|6 342_420600000000000_WAD_2007
|7 0
|9 4671
|a BRACUL
|b BRACUL
|c GEN
|d 2009-10-26
|e D. S. Books International
|l 2
|m 26
|o 342.4206 WAD
|p 3010017456
|r 2018-05-08
|s 2018-02-22
|t 1
|w 2009-10-26
|y BK
|x Requisitioned by Saira Rahman Khan (Assistant Professor), School of Law, BRAC University ; USD 14.86
|
| 952 |
|
|
|0 0
|1 0
|2 ddc
|4 0
|6 342_420600000000000_WAD_2007
|7 0
|9 5287
|a BRACUL
|b BRACUL
|c GEN
|d 2009-11-11
|e D. S. Books International
|l 3
|m 15
|o 342.4206 WAD
|p 3010017457
|r 2023-04-02
|s 2023-02-27
|t 2
|w 2009-11-11
|y BK
|x Requisitioned by Saira Rahman Khan (Assistant Professor), School of Law, BRAC University ; USD 14.86
|